Создание ДНК-наносенсоров на основе пьезокварцевых резонаторов; Наукоемкие технологии; № 4

Bibliografske podrobnosti
Parent link:Наукоемкие технологии: научно-технический журнал.— , 2001-
№ 4.— 2004.— С. 24-29
Drugi avtorji: Винтер В. Г., Коновалова О. А., Фахруллин Р. Ф., Чижов В. В., Харинцев С. С., Салахов М. Х.
Jezik:ruščina
Izdano: 2004
Serija:Биохимия
Teme:
Format: Book Chapter
KOHA link:https://koha.lib.tpu.ru/cgi-bin/koha/opac-detail.pl?biblionumber=394811

MARC

LEADER 00000naa2a2200000 4500
001 394811
005 20231101064536.0
035 |a (RuTPU)RU\TPU\prd\31778 
090 |a 394811 
100 |a 20050118a2004 k y0rusy50 ca 
101 0 |a rus 
102 |a RU 
200 1 |a Создание ДНК-наносенсоров на основе пьезокварцевых резонаторов  |f В. Г. Винтер, О. А. Коновалова, Р. Ф. Фахруллин и др. 
225 1 |a Биохимия 
320 |a Библиогр.: 10 назв. 
461 1 |0 (RuTPU)RU\TPU\prd\1139  |t Наукоемкие технологии  |o  научно-технический журнал  |d 2001- 
463 1 |0 (RuTPU)RU\TPU\prd\27448  |t № 4  |v С. 24-29  |d 2004 
610 1 |a ДНК-наносенсоры 
610 1 |a пьезокварцевые резонаторы 
610 1 |a иммобилизация 
610 1 |a серебряные электроды 
610 1 |a сорбция 
610 1 |a полилизиновый слой-предшественник 
675 |a 543.9  |v 3 
701 1 |a Винтер  |b В. Г. 
701 1 |a Коновалова  |b О. А. 
701 1 |a Фахруллин  |b Р. Ф. 
701 1 |a Чижов  |b В. В. 
701 1 |a Харинцев  |b С. С. 
701 1 |a Салахов  |b М. Х. 
801 1 |a RU  |b 63413507  |c 20050118  |g PSBO 
801 2 |a RU  |b 63413507  |c 20100608  |g RCR 
942 |c BK